000 00411nam a2200181Ia 4500
008 231222s2022 xx 000 0 und d
041 _aeng
082 _a612/RAJ
100 _aV. N. Raje
245 _aHuman Anatomy and Physiology
250 _a4
260 _bCBS Publishing
_c2022
300 _a163p
365 _cRS
500 _aBV
650 _aHuman Anatomy and Physiology
906 _aDIPLOMA
999 _c1009014
_d1009014